Statistics for Bible Word Scramble - Places

Click here to take the quiz!

General Stats

  • This quiz has been taken 231 times
  • The average score is 19 of 30

Answer Stats

ScrambledUnscrambled% Correct
MARSEJULEJERUSALEM
95%
MROEROME
92%
EHMTHEEBLBETHLEHEM
90%
TYEPGEGYPT
89%
ADUEJJUDEA
88%
YABBONLBABYLON
86%
URUR
85%
MDOSOSODOM
82%
AIRSYSYRIA
82%
AES DRERED SEA
82%
ARSLEIISRAEL
82%
ARTHAZENNAZARETH
76%
NAISI UNTOMMOUNT SINAI
74%
CHOJREIJERICHO
71%
NANACACANAAN
67%
NOMTU RATRAAMOUNT ARARAT
63%
OHRMGROAGOMORRAH
60%
YATBHNEBETHANY
60%
IGLEAELGALILEE
59%
ALERMC TONUMMOUNT CARMEL
58%
RSYAIASASSYRIA
57%
SCAUSADMDAMASCUS
45%
VINHENENINEVEH
40%
MRASAIASAMARIA
38%
NMUCPERAACAPERNAUM
31%
LALIGGGILGAL
28%
HOCITANANTIOCH
27%
IEPRASPERSIA
24%
OMSAPTPATMOS
20%
HTSHARSITARSHISH
20%

Score Distribution

Percentile by Number Answered

Percent of People with Each Score

Your Score History

You have not taken this quiz